[Event "17th Prague Open 2018"]
[Site "Prague"]
[Date "2018.01.15"]
[Round "5"]
[White "Akshat, Khamparia"]
[Black "Sivakumar, Ashvin"]
[Result "1-0"]
[WhiteElo "2381"]
[BlackElo "2208"]
[Annotator "TA"]
[PlyCount "117"]
[EventDate "2018.??.??"]
[EventType "swiss"]
[EventCountry "CZE"]
[SourceTitle "playchess.com"]
[Source "ChessBase"]
[SourceQuality "1"]

{[%evp 23,117,16,30,0,0,0,1,0,0,0,33,22,22,23,17,11,5,0,12,0,3,0,19,18,25,27,21,14,9,18,18,10,160,-11,-12,-2,13,13,28,16,30,49,38,15,22,15,33,0,0,0,0,0,0,0,0,0,27,0,0,0,0,0,0,0,54,0,0,0,77,12,17,33,87,43,176,177,241,231,247,255,270,242,250,275,272,277,263,291,686,678,12842,12842,12840,12836,12845,12845]} 1. d4 Nf6 2. c4 c5 3. d5 b5 4. cxb5 a6 5. b6 e6 6. Nc3 Nxd5 7. Nxd5 exd5 8. Qxd5 Nc6 9. e4 Be7 10. Bc4 O-O 11. Nf3 {[%cal Bg1f3,Bf3e1,Be1c2,Bc2a3,Ba3c4][%mdl 32]} Rb8 12. O-O Rxb6 13. Be3 {A57: Benko/Volga Gambit} (13. Bd2 d6 14. Bc3 Be6 15. Qd3 Bxc4 16. Qxc4 Bf6 17. Rad1 Bxc3 18. bxc3 Qf6 19. Rd3 Re8 20. Rfd1 Ne5 21. Nxe5 Rxe5 22. f3 {½-½ (22) Landa,K (2613)-Tregubov,P (2607) Mulhouse 2011}) 13... d6 14. Qd2 Bf6 15. Rab1 $146 {The position is equal.} ({Predecessor:} 15. Rad1 Rxb2 16. Qxd6 Qxd6 17. Rxd6 Na5 18. Bd5 Be7 19. Bxc5 Bxd6 20. Bxd6 Re8 {0-1 (46) Cori Tello,D (2368)-Pogonina,N (2501) Moscow 2010}) 15... Bg4 16. Ne1 Be6 17. Bxe6 fxe6 18. b3 Bd4 19. Nc2 {[%cal Rc2d4]} e5 20. Qe2 Qe8 21. Bd2 Qg6 22. Kh1 a5 (22... d5 $5) 23. Na3 Ra8 24. Nc4 Rbb8 25. f4 exf4 $1 26. Bxf4 Rd8 27. Rbd1 Ra7 {[#]} (27... h6 $11) 28. Qf3 $2 (28. Bxd6 $1 $16 {Black must now prevent e5.} Re8 29. e5) 28... Rf7 $11 {Threatening ...Rdf8.} 29. Qg3 Qxg3 30. Bxg3 Rxf1+ 31. Rxf1 d5 32. exd5 Rxd5 33. h3 Bf6 34. Re1 Nb4 35. a3 Nc2 36. Re8+ Kf7 37. Rb8 Rd1+ 38. Kh2 Bd4 39. Bc7 h5 40. h4 Bg1+ 41. Kh3 Bf2 42. g4 hxg4+ 43. Kxg4 Rg1+ (43... a4 $11) 44. Kf3 ({Better is} 44. Kf5 $1 $14) 44... Bxh4 45. Bxa5 g5 (45... Nd4+ $11 46. Ke4 Rg4+ 47. Kd5 Rg5+ 48. Ke4 Rg4+ 49. Kd5 Rg5+ 50. Ke4 Rg4+) 46. Rb7+ ({White should try} 46. Ke4 $16) 46... Kg6 47. Ke4 Bg3 (47... Rg4+ $1 $14 48. Kd3 Ne1+ 49. Bxe1 Rd4+ 50. Ke3 Bxe1) 48. Bb6 g4 (48... Bf2 $14) 49. Bxc5 $18 Re1+ (49... Rf1 {was called for.} 50. a4 Rf4+ 51. Kd3 Ne1+ 52. Ke2 Re4+ 53. Ne3 Ng2) 50. Kd3 Na1 51. a4 Rd1+ {[#]} 52. Ke4 $1 {And now a5 would win.} Re1+ 53. Kd5 Rd1+ 54. Kc6 Be1 55. a5 g3 $2 (55... Bxa5 56. Nxa5 Nc2) 56. a6 {White is clearly winning.} Bf2 {intending ...Bxc5.} 57. a7 Rd8 58. Rb8 Bxc5 59. a8=Q {Precision: White = 47%, Black = 42%.} 1-0

[Event "17th Prague Open 2018"]
[Site "Prague"]
[Date "2018.01.15"]
[Round "5"]
[White "Chekletsov, Ilya"]
[Black "Shevchenko, Danylo"]
[Result "1-0"]
[WhiteElo "2373"]
[BlackElo "2164"]
[Annotator "TA"]
[PlyCount "103"]
[EventDate "2018.??.??"]
[EventType "swiss"]
[EventCountry "CZE"]
[SourceTitle "playchess.com"]
[Source "ChessBase"]
[SourceQuality "1"]

{[%evp 16,103,75,74,68,77,66,41,32,31,38,31,43,46,38,0,0,0,0,0,0,0,0,0,49,-28,-28,-52,-52,-52,-52,-52,-45,-52,-52,-52,-52,-52,-52,-51,-47,-50,-47,-31,0,-63,-50,-83,-64,-70,-67,-112,-91,-74,-31,-112,-91,-292,-239,-307,225,252,29983,29984,29984,29985,3500,2654,29981,29982,29992,29993,29993,29994,29995,29996,29996,29992,29992,29993,29993,29994,29994,0,29988,29989,29994,29995,29996,29994]} 1. d4 d5 2. c4 Nc6 3. Nc3 dxc4 4. Nf3 Nf6 5. e4 Bg4 6. Be3 Bxf3 7. gxf3 {D07: Queen's Gambit: Chigorin Defence} e5 8. d5 Nb8 9. Bxc4 {LiveBook: 15 Games. White is better.} a6 (9... Nbd7 10. Qb3 Bc5 11. Qxb7 Rb8 12. Qc6 Bxe3 13. fxe3 Rxb2 14. Rb1 Rxb1+ 15. Nxb1 O-O 16. O-O Nh5 17. Nc3 Qg5+ 18. Kf2 Qh4+ 19. Kg1 Qg5+ 20. Kf2 Qh4+ 21. Kg1 {½-½ (21) Mirzoev,A (2518)-Rzayev,B (2411) Baku 2016}) 10. Qb3 $146 ({Predecessor:} 10. Rg1 g6 11. a4 Bd6 12. Qb3 b6 13. Bh6 Nbd7 14. Qc2 Nh5 {1-0 (62) Horvath,A (2305)-Bors,T (2239) Hungary 2007}) 10... b5 11. Be2 Bd6 12. a4 b4 13. Na2 {[%cal Bc3a2,Ba2c1,Bc1d3][%mdl 32]} Nbd7 14. Nc1 ({Inferior is} 14. Nxb4 Qb8 $17) 14... O-O 15. Nd3 Nh5 16. O-O-O ({Don't blunder} 16. Nxb4 $2 Rb8 $19) 16... Qe7 17. Kb1 Nf4 18. Nxf4 exf4 19. Bd4 Nc5 (19... a5 {is more complex.} 20. Rc1 Qh4 21. Qd1 Ne5 22. h3 Rac8) 20. Bxc5 (20. Qc2 $14 Nd7 21. h4) 20... Bxc5 $11 21. a5 Bxf2 22. Rc1 Bc5 23. Rc2 Bd6 24. Bd3 Qh4 25. Rhc1 Qh5 26. Rf2 Rfe8 27. Rc6 Qh4 28. Re2 Qh3 29. Rf2 Qh4 30. Rfc2 ({Better is} 30. Re2 $11) 30... Qe1+ 31. Ka2 Kh8 32. Re2 Qh1 33. Bc2 Re5 34. Qd3 h5 35. Bb3 (35. Rd2 $15) 35... Rg5 36. Bc2 $2 {[#]} (36. e5 $17 Bxe5 37. h4 Qxh4 38. Rxa6) 36... b3+ $1 $19 {[%mdl 512]} 37. Kxb3 {Black must now prevent e5.} Qa1 $4 {[%mdl 8192]} (37... Rb8+ $19 {avoids the disaster.} 38. Ka2 Rg1) 38. e5 $1 $40 {[%csl Gc2][%cal Rd3h7][%mdl 128] White attacks with force.} Rb8+ $2 (38... Rg6 $18 39. exd6 Rb8+ 40. Kc3 Qxa5+ 41. Kd4 cxd6) 39. Rb6 $1 Rxb6+ 40. axb6 {[%csl Gc2][%cal Rd3h7]} g6 41. b7 Bxe5 42. b8=Q+ Kh7 43. Rxe5 Rxe5 44. Qxc7 Re3 45. Qxf7+ Kh8 46. Qf6+ Kg8 47. Qfxg6+ Kf8 48. Qf6+ Kg8 49. Qfg6+ Kf8 50. Qgf5+ {White mates.} Kg7 51. Qg5+ Kh8 52. Qxh5+ {Precision: White = 56%, Black = 57%.} 1-0

[Event "17th Prague Open 2018"]
[Site "Prague"]
[Date "2018.01.15"]
[Round "5"]
[White "Melamed, Tatjana"]
[Black "Taranenko, Evgueniy"]
[Result "1/2-1/2"]
[WhiteElo "2347"]
[BlackElo "2154"]
[Annotator "TA"]
[PlyCount "88"]
[EventDate "2018.??.??"]
[EventType "swiss"]
[EventCountry "CZE"]
[SourceTitle "playchess.com"]
[Source "ChessBase"]
[SourceQuality "1"]

{[%evp 16,88,25,16,18,18,58,37,35,38,41,33,52,42,49,52,54,28,32,25,25,0,83,80,77,0,93,77,98,108,128,109,98,105,98,-43,-51,-55,-50,-49,-44,-51,-58,-53,-50,-58,-57,-42,-44,-39,-5,-8,0,-14,0,9,97,95,103,0,5,0,0,0,0,0,0,0,0,0,0,0,0,0,0]} 1. e4 Nc6 2. Nf3 d6 3. d4 Nf6 4. Nc3 g6 5. Bb5 a6 6. Bxc6+ bxc6 7. h3 Bg7 8. O-O O-O 9. Re1 {LiveBook: 9 Games. B00: Queen's Fianchetto Defence, Nimzowitsch Defence} (9. Be3 Rb8 10. b3 Nd7 11. Ne2 c5 12. c4 Bb7 13. Nc3 cxd4 14. Nxd4 c5 15. Nde2 f5 16. exf5 gxf5 {0-1 (48) Oleksienko,M (2636)-Zubov,A (2604) Lvov 2017}) 9... Rb8 10. Rb1 h6 11. Be3 {White is slightly better.} Nd7 $146 ({Predecessor:} 11... Kh7 12. Qd3 Nd7 13. Ne2 d5 14. e5 Nb6 15. Ng3 Be6 16. b3 Qd7 {½-½ (26) Mehlhorn,U (2125)-Diebl,L (2205) Germany 1996}) 12. Qd2 Kh7 13. b3 f6 14. Rbd1 e5 15. Na4 Qe8 16. c4 exd4 17. Nxd4 c5 $1 {[%cal Rc5d4]} 18. Nc6 Rb7 (18... Ra8 $1 $11 {remains equal.}) 19. Na5 $36 {[%mdl 2048] White is really pushing.} Rb8 20. Nc6 Rb7 21. Nc3 Ne5 {[#]} 22. Na5 $1 Rb8 23. Nd5 Rf7 24. f4 Nc6 25. Nxc7 (25. Nxc6 $16 Qxc6 26. Bf2) 25... Rxc7 $15 26. Qxd6 Qf7 $1 27. Nxc6 Rb6 28. Nd8 Rxd6 29. Nxf7 Rxd1 30. Rxd1 {Threatens to win with Nd6.} Rxf7 31. Bxc5 Bb7 32. Rd4 g5 33. f5 h5 34. g4 h4 35. Kf2 Kg8 (35... Bc6 $11 {keeps the balance.}) 36. Ke3 $16 Bf8 {[#]} 37. Bxf8 (37. Rd8 $1 $16) 37... Kxf8 {[%mdl 4096] Endgame KRB-KR. The position is equal.} 38. b4 {[%cal Bb3b4,Bb4b5][%mdl 32]} Re7 39. a4 Re5 40. b5 Ke7 41. Kd3 a5 42. Ke3 Ba8 43. Kd3 Bb7 44. Ke3 Ba8 {Precision: White = 61%, Black = 69%.} 1/2-1/2

[Event "17th Prague Open 2018"]
[Site "Prague"]
[Date "2018.01.15"]
[Round "5"]
[White "Luukkonen, Tommi"]
[Black "Jurcik, Marian"]
[Result "0-1"]
[WhiteElo "2331"]
[BlackElo "2460"]
[Annotator "TA"]
[PlyCount "100"]
[EventDate "2018.??.??"]
[EventType "swiss"]
[EventCountry "CZE"]
[SourceTitle "playchess.com"]
[Source "ChessBase"]
[SourceQuality "1"]

{[%evp 18,100,0,-3,4,12,36,20,16,5,24,11,46,37,59,53,135,68,77,-105,-119,-100,-78,-82,-71,-78,-70,-77,-75,-89,-94,-106,-43,-54,-59,-49,-45,-123,-135,-129,-135,-352,-352,-337,-289,-411,-397,-387,-150,-150,-154,-197,-202,-184,-117,-127,-114,-108,-106,-95,-99,-120,0,0,0,-111,-108,-97,-68,-82,-77,-74,-96,-235,-227,-426,-403,-531,-564,-513,-479,-1725,-1627,-1576,-1575]} 1. c4 e5 2. g3 Nf6 3. Bg2 d5 4. cxd5 Nxd5 5. Nf3 Nc6 6. O-O Nb6 7. b3 {A20: English Opening: 1...e5} Be7 8. Bb2 f6 9. Qc1 O-O 10. Rd1 {LiveBook: 4 Games} Qe8 11. Nc3 Bd6 12. Ne4 $146 ({Predecessor:} 12. d4 e4 13. Nd2 f5 14. Nc4 Ne7 15. Nxd6 cxd6 {1-0 (57) Aronian,L (2785)-Korobov,A (2692) Doha 2016}) 12... f5 13. Nxd6 cxd6 14. d3 Bd7 15. Nd2 d5 16. Qc5 Qe6 (16... Rc8 $14) 17. f4 (17. a4 $1 $16 {[%cal Ra4a5] Hoping for a5.} Rfc8 18. Nf3) 17... exf4 $14 {[#]} 18. Qf2 $2 {[#]} (18. a4 $1 $16) 18... fxg3 $1 $17 19. Qxg3 {[%csl Gb2][%cal Rg3g7]} Qh6 20. a4 {White wants to play a5.} f4 21. Qf2 Be6 22. Rdc1 Nd7 23. a5 Nde5 24. Nf3 Ng4 (24... Rf5 $17 {And now ...Ng4 would win.} 25. Bxe5 Nxe5 26. Nxe5 Rxe5) 25. Qh4 $15 Qxh4 26. Nxh4 a6 27. Bh3 (27. b4 $15) 27... Rae8 $36 {[%mdl 2048] Black is in control.} 28. b4 Ne3 29. Bg2 $2 (29. Bxe6+ $17 {was necessary.} Rxe6 30. b5 axb5 31. a6 bxa6 32. Rxa6) 29... Nxg2 $19 ({Weaker is} 29... Nxb4 30. Ba3 $17) 30. Nxg2 {If White can now play b5 this consolidates a bit.} Bh3 31. Re1 (31. Rc2 {might work better.}) 31... Nxb4 32. Ba3 Nc2 $2 (32... Rf5 $19 {is more deadly. Strongly threatening ...Nc2.} 33. Bxb4 Rg5) 33. Bxf8 $17 Rxf8 34. Rac1 Nxe1 35. Nxe1 $19 {[%mdl 4096] Endgame KRB-KRN} Bg4 (35... Rc8 $19 36. Rb1 Rc5 37. Rxb7 Rxa5 38. Rb8+ Kf7 39. Rb7+ Kf6 40. Rb6+ Kf5) 36. Kf2 $17 Re8 37. Nf3 Bxf3 38. Kxf3 {KR-KR} Re3+ 39. Kf2 Rh3 (39... Kf7 $17 40. Rc5 d4 41. Rf5+ Ke6 42. Rxf4 Re5 43. Rxd4 Rxa5) 40. Kg2 $1 $11 {[%cal Rg2h3]} Re3 (40... Rh5 $11) 41. Kf2 $17 Re7 42. Rc5 Rd7 43. Kf3 g5 44. Kg4 h6 45. Kh5 (45. h4 $17 {keeps fighting.}) 45... Kg7 $19 46. Rc2 $2 (46. h4 Kf6 47. Rc8) 46... Re7 47. Rb2 Kf6 {Black is clearly winning.} 48. Kg4 {[#]} h5+ $1 49. Kxh5 (49. Kf3 $142 Kf5 50. Rb6) 49... Kf5 {[%cal Re7h7]} 50. Kh6 g4 {Precision: White = 44%, Black = 53%.} 0-1

[Event "17th Prague Open 2018"]
[Site "Prague"]
[Date "2018.01.15"]
[Round "5"]
[White "Kulkarni Bhakti"]
[Black "Lindbol, Aleksander"]
[Result "1-0"]
[WhiteElo "2306"]
[BlackElo "2146"]
[Annotator "RC"]
[PlyCount "45"]
[EventDate "2018.??.??"]
[EventType "swiss"]
[EventCountry "CZE"]
[SourceTitle "playchess.com"]
[Source "ChessBase"]
[SourceQuality "1"]
[TimeControl "40/5400+30:1800+30"]

1. e4 {[%emt 0:02:34]} c6 {[%emt 0:00:23]} 2. c4 {[%emt 0:00:55]} d5 {[%emt 0:01:16]} 3. exd5 {[%emt 0:00:42]} cxd5 {[%emt 0:00:10]} 4. cxd5 {[%emt 0:00:23]} Nf6 {[%emt 0:02:08]} 5. Qa4+ {[%emt 0:00:59]} Nbd7 {[%emt 0:04:06]} 6. Nc3 {[%emt 0:00:36]} g6 {[%emt 0:02:40]} 7. Nf3 {[%emt 0:02:18]} Bg7 {[%emt 0:03:57]} 8. Bc4 {[%emt 0:00:06]} O-O {[%emt 0:03:35]} 9. d3 {[%emt 0:00:46]} a6 {[%emt 0:05:10]} 10. Qa3 {[%emt 0:00:31]} Nb6 {[%emt 0:09:20]} 11. Qb3 {[%emt 0:00:19]} Bf5 {[%emt 0:03:47]} 12. O-O {[%emt 0:04:16]} Rc8 {[%emt 0:08:38]} 13. Be3 {[%emt 0:07:01]} Nxc4 {[%emt 0:08:56]} 14. dxc4 {[%emt 0:00:04]} Bd3 {[%emt 0:00:10]} 15. Rfd1 {[%emt 0:01:00]} Bxc4 {[%emt 0:00:13]} 16. Qxb7 {[%emt 0:01:03]} Qd6 {[%emt 0:19:29]} 17. Qb6 {[%emt 0:23:25]} Nd7 {[%emt 0:07:04]} 18. Qxd6 {[%emt 0:00:47]} exd6 {[%emt 0:00:01]} 19. Bd4 {[%emt 0:02:41]} Rfe8 {[%emt 0:00:12]} 20. Bxg7 {[%emt 0:01:45]} Kxg7 {[%emt 0:00:05]} 21. Rd4 {[%emt 0:01:16]} Be2 {[%emt 0:01:50]} 22. Nd2 {[%emt 0:01:18]} a5 {[%emt 0:00:58]} 23. Nde4 {[%emt 0:00:23]} 1-0

[Event "17th Prague Open 2018"]
[Site "Prague"]
[Date "2018.01.15"]
[Round "5"]
[White "Lee, Jun Hyeok"]
[Black "Lalic, Bogdan"]
[Result "1/2-1/2"]
[WhiteElo "2305"]
[BlackElo "2415"]
[Annotator "TA"]
[PlyCount "104"]
[EventDate "2018.??.??"]
[EventType "swiss"]
[EventCountry "CZE"]
[SourceTitle "playchess.com"]
[Source "ChessBase"]
[SourceQuality "1"]

{[%evp 27,104,27,22,11,18,8,10,10,11,0,17,12,22,21,26,20,16,15,13,12,17,14,15,5,22,4,4,0,0,0,0,0,0,-35,-41,-123,-65,-135,-58,-233,-221,-232,-239,-239,-239,-230,-230,-276,-276,-276,-276,-276,-276,-366,-276,-1446,-1274,-1083,-855,-1642,-1390,-1358,-1283,-987,-276,-276,-276,-276,-2,-2,0,0,0,0,0,0,0,0,29986]} 1. Nf3 Nf6 2. d4 e6 3. Bg5 c5 4. e3 d5 5. Nbd2 Be7 6. c3 Nbd7 7. Bd3 b6 8. Ne5 Nxe5 9. dxe5 Nd7 10. Bxe7 Qxe7 11. f4 Bb7 12. O-O f6 13. exf6 {D03: 1 d4 d5 2 Nf3 Nf6 3 Bg5, including Torre Attack with early ...d5} gxf6 14. Qh5+ Qf7 {LiveBook: 4 Games} 15. Qxf7+ (15. Qe2 O-O-O 16. Ba6 Nb8 17. Bxb7+ Kxb7 18. a4 Qd7 19. Rfd1 Qc6 20. Nf3 Rhe8 {½-½ (35) Hug,W (2471)-Huebner,R (2589) Switzerland 2013}) 15... Kxf7 16. e4 Rad8 17. Rae1 $146 ({Predecessor:} 17. exd5 Bxd5 18. Bc4 Nb8 19. Rad1 Nc6 20. Bxd5 Rxd5 {0-1 (42) Przezdziecka,E (2024)-Kozak,M (2203) Leba 2006}) 17... dxe4 18. Nxe4 Nf8 (18... Nb8 {feels hotter.} 19. Bc2 Bd5 20. Rd1 f5 21. Nd2 Nc6) 19. Bc4 Bxe4 20. Rxe4 f5 $1 {[%cal Rf5e4]} 21. Re5 {Rxf5+ is the strong threat.} Kf6 $1 22. Rfe1 {[%cal Rc4e6]} Rd6 23. g3 Rg8 24. Kf2 Rg7 25. Kf3 Re7 26. h3 h5 27. g4 hxg4+ 28. hxg4 fxg4+ 29. Kxg4 Rd2 30. Kf3 Rxb2 31. f5 (31. Rh1 $15) 31... Rb1 (31... Rc2 $17 32. R5e3 e5) 32. R1e3 {[#]} ({White should try} 32. fxe6 $15 Rxe1 33. Rxe1) 32... Rh1 (32... Rc1 $1 $17 {Hoping for ...Rxc3!} 33. Kf4 Rh1 34. Bxe6 Rf1+ 35. Ke4 Nxe6 36. fxe6 Rxe6 37. Rxe6+ Kxe6) 33. Kg2 $2 (33. fxe6 $15 Rh4 34. R5e4 Rxe4 35. Kxe4 Nxe6 36. Rf3+ Kg6 37. Rf2) 33... Rh5 $19 34. Bxe6 Nxe6 35. Rxe6+ Rxe6 36. fxe6 {[%mdl 4096] Endgame KR-KR} Ke7 37. c4 Rh4 38. Ra3 Rxc4 39. Rxa7+ Kxe6 40. Kf3 b5 {[%cal Bb6b5,Bb5b4][%mdl 32]} 41. Rb7 $2 (41. Ke2) 41... b4 42. Ke3 Kd5 43. Kd2 Rc3 44. Ra7 Kc4 45. Ra5 Kd4 $2 (45... Rh3 46. Kc2 Rc3+ 47. Kb1 Re3) 46. Ra8 Rh3 47. Kc2 {[#]} Rh2+ $2 (47... Kc4 $1 $19 48. Rg8 Rh2+ 49. Kb1 Kd4 50. Rg4+ Kd5 51. Rg5+ Kc6 52. Rg6+ Kb5) 48. Kb3 $11 {The position is equal.} c4+ 49. Kxb4 Rb2+ 50. Ka3 c3 51. Rh8 Re2 52. Kb3 Ke5 $2 {[%mdl 40960] Precision: White = 32%, Black = 57%. . An unexpected result.} (52... Rb2+ $11 53. Ka3 Rb7) 1/2-1/2

[Event "17th Prague Open 2018"]
[Site "Prague"]
[Date "2018.01.15"]
[Round "5"]
[White "Mishuchkov, Nikolai M"]
[Black "Tarun V Kanth"]
[Result "1/2-1/2"]
[WhiteElo "2303"]
[BlackElo "2077"]
[Annotator "NA RC"]
[PlyCount "47"]
[EventDate "2018.??.??"]
[EventType "swiss"]
[EventCountry "CZE"]
[SourceTitle "playchess.com"]
[Source "ChessBase"]
[SourceQuality "1"]
[TimeControl "40/5400+30:1800+30"]

{[%evp 15,46,7,32767,32767,-6,-3,19,32767,5,10,18,0,32767,32767,32767,32767,32767,32767,32767,32767,0,0,32767,-48,-39,-33,-19,-25,-28,-24,-27,-52,-10]} 1. d4 {[%emt 0:00:00]} Nf6 {[%emt 0:00:13]} 2. Nf3 {[%emt 0:00:00]} e6 {[%emt 0:00:09]} 3. c4 {[%emt 0:02:48]} d5 {[%emt 0:00:12]} 4. e3 {[%emt 0:00:14]} Be7 {[%emt 0:00:19]} 5. Bd3 {[%emt 0:00:19]} O-O {[%emt 0:01:10]} 6. O-O {[%emt 0:00:13]} b6 {[%emt 0:00:31]} 7. b3 {[%emt 0:01:38]} Bb7 {[%emt 0:00:17]} 8. Bb2 {[%emt 0:00:28]} Nbd7 {[%emt 0:00:37] E14: Queen's Indian: Classical Variation (4 e3)} 9. cxd5 {[%emt 0:00:27]} (9. Nbd2 c5 10. Rc1 Rc8 11. Qe2 cxd4 12. Nxd4 dxc4 13. Nxc4 Rc5 14. Rfd1 Qa8 15. f3 Re8 16. Ba3 Rxc4 17. Rxc4 Bxa3 18. Nb5 {1-0 (62) Nakamura,H (2785)-Karjakin,S (2781) Paris 2017}) 9... Nxd5 {[%emt 0:01:39]} 10. Nc3 {[%emt 0:03:52]} N7f6 $146 {[%emt 0:03:51]} ({Predecessor:} 10... c5 11. Nxd5 exd5 12. Rc1 Rc8 13. Ne5 Nxe5 14. dxe5 Rc6 15. Qe2 Rh6 16. e4 d4 17. f4 Qb8 18. Rc2 Kh8 19. Bc1 Rc6 {0-1 (78) Sliwa,B (2280)-Kasperek,W (2220) Myslenice 1988}) 11. Qe2 {[%emt 0:22:34]} Nxc3 {[%emt 0:04:54]} 12. Bxc3 {[%emt 0:00:06]} Qd5 {[%emt 0:05:18]} 13. Ba6 {[%emt 0:01:25]} Ne4 {[%emt 0:02:16]} 14. Bb2 {[%emt 0:01:06]} Rfd8 {[%emt 0:09:56]} 15. Bxb7 {[%emt 0:04:26]} Qxb7 {[%emt 0:00:12]} 16. Rfd1 {[%emt 0:00:39]} Rac8 {[%emt 0:01:23]} 17. Ne5 {[%emt 0:03:42]} c5 {[%emt 0:07:48]} 18. dxc5 {[%emt 0:06:39]} Nxc5 {[%emt 0:01:22]} 19. Qf3 {[%emt 0:08:10]} Qxf3 {[%emt 0:01:04]} 20. gxf3 {[%emt 0:02:36]} f6 {[%emt 0:05:22]} 21. Rxd8+ {[%emt 0:01:41]} Bxd8 {[%emt 0:00:58]} 22. Nc4 {[%emt 0:00:26]} Be7 $11 {[%emt 0:04:31]} 23. Rd1 {[%emt 0:02:18]} Rd8 {[%emt 0:02:06]} 24. Rxd8+ 1/2-1/2

[Event "17th Prague Open 2018"]
[Site "Prague"]
[Date "2018.01.15"]
[Round "5"]
[White "Harazinska, Ewa"]
[Black "Solozhenkin, Evgeniy"]
[Result "0-1"]
[WhiteElo "2245"]
[BlackElo "2451"]
[Annotator "TA"]
[PlyCount "66"]
[EventDate "2018.??.??"]
[EventType "swiss"]
[EventCountry "CZE"]
[SourceTitle "playchess.com"]
[Source "ChessBase"]
[SourceQuality "1"]

{[%evp 15,66,25,55,0,0,-9,7,0,44,-24,-28,-25,-32,-30,-20,-22,-19,-58,-56,-68,-60,-161,-76,-95,-93,-77,-62,-160,-157,-156,-150,-158,-158,-195,-180,-307,-299,-301,-166,-432,-447,-573,-420,-718,-705,-696,-708,-679,-664,-667,-666,-915,-902]} 1. d4 Nf6 2. c4 e6 3. Nc3 Bb4 4. Qc2 b6 5. e4 c5 6. a3 {E32: Nimzo-Indian: Classical (4 Qc2): 4...0-0} (6. d5 exd5 7. exd5 Qe7+ 8. Nge2 O-O 9. Bd2 d6 10. O-O-O Ng4 11. Be1 Nd7 12. Ng3 Ndf6 13. h3 Ne5 {1-0 (35) Zhou,J (2597)-Wei,Y (2743) Shenzhen 2017}) 6... Bxc3+ 7. bxc3 Bb7 8. Bd3 b5 {LiveBook: 14 Games} 9. f3 ({Of course not} 9. cxb5 c4 $15) (9. Qb1 $1 $14) 9... bxc4 $11 10. Bxc4 cxd4 11. cxd4 d5 12. exd5 (12. Rb1 $14) 12... Bxd5 13. Bd3 {[#]} O-O $146 ({Predecessor:} 13... Nc6) 14. Ne2 Nc6 15. O-O Rc8 16. Qd2 Na5 {[#] Threatens to win with ...Nb3.} 17. Qf4 Bc4 18. Rd1 (18. Bxc4 $15 Nxc4 19. Qg3) 18... Nb3 (18... Bxd3 $19 19. Rxd3 Qb6) 19. Rb1 $17 Bxd3 20. Rxd3 Nd5 $36 {[%mdl 2048] Black is more active.} 21. Qg3 (21. Qe5 $1 $15 Nxc1 22. Nxc1) 21... Nxc1 22. Rxc1 Rxc1+ 23. Nxc1 Qa5 24. Ne2 Qb5 25. f4 (25. Rd2 {was the only defense.}) 25... Qb1+ $19 26. Kf2 {Now Rb3 and White clings on.} Nf6 (26... Rb8 $142 {White must now prevent ...h5.} 27. Qf3 Qc2) 27. Qf3 $2 {[#]} (27. Nc3 {only move.} Qc2+ 28. Kg1) 27... Ng4+ $1 {[%mdl 512]} 28. Kg3 (28. Qxg4 Qxd3) 28... h5 {Hoping for ...Qe1+.} 29. Rb3 (29. Kh4 $142 Nxh2 30. Qh3) 29... Qe1+ {Black is clearly winning.} 30. Kh3 Nf2+ 31. Kh4 Ne4+ 32. Ng3 Nd2 33. Qe3 Qd1 {Precision: White = 19%, Black = 57%.} 0-1

[Event "17th Prague Open 2018"]
[Site "Prague"]
[Date "2018.01.15"]
[Round "5"]
[White "Fedorov, Evgueny"]
[Black "Kalegin, Evgenij"]
[Result "0-1"]
[WhiteElo "2241"]
[BlackElo "2426"]
[Annotator "TA"]
[PlyCount "68"]
[EventDate "2018.??.??"]
[EventType "swiss"]
[EventCountry "CZE"]
[SourceTitle "playchess.com"]
[Source "ChessBase"]
[SourceQuality "1"]

{[%evp 20,68,50,39,62,61,58,34,47,12,50,50,25,0,0,-30,-11,-24,-8,-22,-24,-12,-17,-58,-51,-52,120,150,120,126,149,108,125,-29976,-29977,-29977,-29978,-29978,-29979,-29978,-29979,-29979,-29977,-2745,-1879,-1731,-1691,-1574,-1574,-1348,-1237]} 1. e4 c5 2. Nf3 e6 3. d4 cxd4 4. Nxd4 a6 5. Bd3 Bc5 6. Nb3 Be7 7. f4 {B42: Sizilianisch (Paulsen-Variante)} (7. Qg4 g6 8. Qe2 d6 9. O-O Nd7 10. a4 b6 11. Na3 Ngf6 12. Bh6 Bf8 13. Bxf8 Kxf8 14. Nc4 Qc7 15. f4 d5 16. exd5 Nxd5 {1-0 (32) Leko,P (2691)-Svidler,P (2765) Riadh 2017}) 7... d6 8. Qf3 Nf6 9. Be3 Qc7 10. N1d2 Nbd7 11. g4 {LiveBook: 7 Partien} g6 12. O-O-O b5 13. Rhg1 $146 ({Vorgänger:} 13. Kb1 Bb7 14. Rhf1 O-O {1-0 (35) Guliyev,N (2550)-Dijk,R (2081) Hilversum 2014}) 13... Bb7 14. Qf2 d5 {[%cal Rd5e4]} 15. e5 Ne4 16. Bxe4 dxe4 17. Nf1 Rc8 18. Kb1 O-O 19. h4 f6 20. h5 g5 $36 {[%mdl 2048] Und ...gxf4 würde nun gewinnen. Weiss steht unter Druck.} ({Bloß nicht} 20... fxe5 21. f5 $17) 21. Nd4 Bd5 {[#]} (21... Nc5 {seems wilder.} 22. exf6 Bxf6 23. f5 Bd5 24. Nb3 Nxb3 25. cxb3 a5) 22. Nf5 $1 {[%mdl 512]} Bxa2+ $2 (22... exf5 $15 23. Rxd5 fxe5 24. gxf5 Qc6) 23. Kxa2 $16 exf5 24. gxf5 {e6 ist eine echte Drohung.} fxe5 25. fxg5 {[#] Droht Dg2 und aus.} Rxf5 $1 {[%mdl 512]} 26. Qxf5 $4 {[%mdl 8192]} (26. Qg2 $16) 26... Qc4+ 27. Ka1 Qa4+ 28. Kb1 Qxc2+ 29. Ka2 Qa4+ 30. Kb1 Qxd1+ 31. Ka2 Rc4 {[%cal Rc4a4] Schwarz steht klar auf Gewinn.} 32. Qe6+ Kf8 {[%cal Rc4a4]} 33. Qxc4 bxc4 34. g6 Qxh5 {Precision: Weiß = 40%, Schwarz = 50%.} 0-1

[Event "17th Prague Open 2018"]
[Site "Prague"]
[Date "2018.01.15"]
[Round "5"]
[White "Ustinov, Alexey"]
[Black "Vichnar, David"]
[Result "1-0"]
[WhiteElo "2240"]
[BlackElo "2443"]
[Annotator "TA"]
[PlyCount "31"]
[EventDate "2018.??.??"]
[EventType "swiss"]
[EventCountry "CZE"]
[SourceTitle "playchess.com"]
[Source "ChessBase"]
[SourceQuality "1"]

{[%evp 1,1,0]} 1. c4 {Predecessor:} c5 $146 2. Nf3 Nc6 3. d4 cxd4 4. Nxd4 Nf6 5. Nc3 e6 6. g3 Qb6 7. Nf3 Bc5 8. e3 Bb4 9. Bd2 d5 10. cxd5 exd5 11. Bg2 O-O 12. O-O Bg4 13. Qb3 Ba5 14. Qxb6 Bxb6 15. Na4 Ne4 16. Rfd1 {½-½ (16) Svidler,P (2765)-Anand,V (2782) Riadh 2017} 1-0